[Event "ROM-ch U10 Girls"]
[Site "Calimanesti Caciulata"]
[Date "2019.04.19"]
[Round "6.7"]
[White "Preda, Maria C"]
[Black "Antal, Iris Ileana"]
[Result "0-1"]
[WhiteElo "1017"]
[BlackElo "1092"]
[PlyCount "98"]
[EventDate "2019.04.15"]
[EventType "swiss"]
[EventRounds "9"]
[EventCountry "ROU"]
[SourceTitle "EXT 2024"]
[Source "ChessBase"]
[SourceDate "2023.10.10"]
[SourceVersion "1"]
[SourceVersionDate "2023.10.10"]
[SourceQuality "1"]

1. e4 c6 2. d4 d5 3. exd5 cxd5 4. Nc3 Nf6 5. Nf3 Bf5 6. Bf4 e6 7. a3 Be7 8. Bd3 Bxd3 9. Qxd3 0-0 10. 0-0 Nc6 11. Ne2 Rc8 12. c3 Bd6 13. Bxd6 Qxd6 14. Qe3 h6 15. h3 Rfe8 16. Ne5 Ne4 17. Ng3 Nxe5 18. Nxe4 dxe4 19. dxe5 Qxe5 20. f4 Qc5 21. Rae1 Qxe3+ 22. Rxe3 f5 23. Rd1 Red8 24. Rxd8+ Rxd8 25. g4 Kf7 26. b4 Kf6 27. Kf2 e5 28. Kg3 Rd3 29. Rxd3 exd3 30. fxe5+ Kxe5 31. Kf3 fxg4+ 32. hxg4 d2 33. Ke2 Kf4 34. Kxd2 Kxg4 35. a4 h5 36. b5 b6 37. c4 Kf5 38. c5 Ke6 39. Kc3 bxc5 40. a5 Kd6 41. Kc4 h4 42. a6 Kc7 43. Kxc5 h3 44. b6+ axb6+ 45. Kb5 h2 46. Kb4 h1Q 47. Ka4 Qe4+ 48. Kb3 Qd3+ 49. Kb4 Qxa6 0-1

[Event "ROM-ch U08 Girls"]
[Site "Baile Felix"]
[Date "2017.02.05"]
[Round "5"]
[White "Stefan, Iulia Cristiana"]
[Black "Preda, Maria C"]
[Result "1/2-1/2"]
[WhiteElo "1205"]
[BlackElo "1035"]
[PlyCount "138"]
[EventDate "2017.02.02"]
[EventType "swiss"]
[EventRounds "9"]
[EventCountry "ROU"]
[SourceTitle "CBM 176 Extra"]
[Source "ChessBase"]
[SourceDate "2017.03.02"]
[SourceVersion "1"]
[SourceVersionDate "2017.03.02"]
[SourceQuality "1"]

1. e4 e5 2. Nf3 Nc6 3. Bb5 d6 4. c3 a6 5. Ba4 Nf6 6. d3 Be7 7. 0-0 0-0 8. Re1 b5 9. Bb3 Bb7 10. Nbd2 Na5 11. Bc2 Bc6 12. Nf1 Qd7 13. Ng3 Rad8 14. Qe2 Rfe8 15. Nf5 Ba8 16. h3 d5 17. Bh6 Bf8 18. Qe3 gxh6 19. Nxh6+ Kh8 20. Nf5 dxe4 21. dxe4 Nb7 22. Qg5 Ng8 23. Qh4 f6 24. Rad1 Qc8 25. Re3 Nc5 26. Nh2 Rxd1+ 27. Bxd1 Qe6 28. Bh5 Rd8 29. Bg6 Rd7 30. Ng3 Rg7 31. Bf5 Qxa2 32. b4 Ne6 33. Ng4 c5 34. Nxf6 Nxf6 35. Qxf6 Be7 36. Qxe6 Qxe6 37. Bxe6 cxb4 38. cxb4 Bxb4 39. Rd3 Be7 40. Nf5 Bxe4 41. Re3 Bxf5 42. Bxf5 Bd6 43. Re2 Rc7 44. Ra2 e4 45. Kf1 Ra7 46. Bxe4 a5 47. Ke2 b4 48. Bc2 Kg7 49. Ke3 Rc7 50. Bd1 Rc3+ 51. Kd4 Bc7 52. Ba4 Bb6+ 53. Ke5 b3 54. Rb2 Rd3 55. Rxb3 Rxb3 56. Bxb3 Bxf2 57. Kf5 Bd4 58. h4 Bf2 59. h5 h6 60. g4 Bh4 61. Ke6 Bg5 62. Ke5 Bf6+ 63. Kd5 Kf7 64. Kc6+ Ke7 65. Kb5 Kd6 66. Kxa5 Ke5 67. Bf7 Kf4 68. Bg6 Kxg4 69. Kb5 Bg5 1/2-1/2

[Event "ROM-ch U08 Girls"]
[Site "Calimanesti Caciulata"]
[Date "2016.04.21"]
[Round "5"]
[White "Preda, Maria C"]
[Black "Stefan, Iulia Cristiana"]
[Result "0-1"]
[WhiteElo "1001"]
[BlackElo "1001"]
[PlyCount "56"]
[EventDate "2016.04.18"]
[EventType "swiss"]
[EventRounds "9"]
[EventCountry "ROU"]
[SourceTitle "CBM 172 Extra"]
[Source "ChessBase"]
[SourceDate "2016.06.21"]
[SourceVersion "1"]
[SourceVersionDate "2016.06.21"]
[SourceQuality "1"]

1. e4 e5 2. Bc4 Nf6 3. Nf3 Bc5 4. Nxe5 0-0 5. Nd3 Bb6 6. e5 Ne4 7. 0-0 Nc6 8. Bd5 d6 9. Bxe4 Re8 10. Bxc6 bxc6 11. Nc3 Bf5 12. Nf4 dxe5 13. Nh5 Qg5 14. Na4 Re6 15. d4 Qg6 16. Nxb6 cxb6 17. Qe2 Bg4 18. f3 Bxh5 19. dxe5 f6 20. Bf4 Rd8 21. Rad1 Qe8 22. Rd2 Rxd2 23. Qxd2 fxe5 24. Bg5 Qg6 25. Re1 h6 26. Bh4 Bxf3 27. Qd8+ Kh7 28. Rf1 Qxg2# 0-1